Plan de mejora del proceso productivo en la empresa Incesa Standard S.A

Diseñar un plan de mejora en el proceso productivo que permita disminuir el desperdicio de material en piezas de rotura o dañadas y por ende incrementar la calidad del producto y disminuir costos de producción. Orientar a todo el personal involucrado en el proceso productivo a tomar medidas prev...

Full description

Bibliographic Details
Main Authors: Gómez Narváez, Julio César, Rodríguez Ramírez, Andrea Michelle, Roque Trejos, Roxana Isabel
Other Authors: Tutor: Boza Castro, Freddy Fernando
Format: Tesis Section = Libro
Language:Undetermined
Spanish
Published: Managua UNI 2018
Subjects:
LEADER 01298nam a2200277Ia 4500
008 240830s9999 xx 000 0 und d
040 |a BIBLIOTECA-RUPAP Mon 658.402 G633 
041 |a spa 
082 |a Mon 658.402 G633 
100 1 |a Gómez Narváez, Julio César 
100 1 |b  Rodríguez Ramírez, Andrea Michelle 
100 1 |c  Roque Trejos, Roxana Isabel 
245 1 0 |a Plan de mejora del proceso productivo en la empresa Incesa Standard S.A 
260 |a Managua  |b UNI  |c 2018 
300 |a 102 p. :il. 
500 |a Contiene: Anexos y CD. 
502 |a Tesis (Ingeniero Industrial)- UNI, 2018. 
520 3 |a Diseñar un plan de mejora en el proceso productivo que permita disminuir el desperdicio de material en piezas de rotura o dañadas y por ende incrementar la calidad del producto y disminuir costos de producción. Orientar a todo el personal involucrado en el proceso productivo a tomar medidas preventivas y permanentes que ayuden a lograr la reducción de rotura, y contribuir en el aumento de la productividad de la empresa. 
650 7 |a ORGANIZACION INDUSTRIAL 
650 7 |b AMBIENTE DE TRABAJO 
650 7 |c ADMINISTRACION DE PERSONAL 
650 7 |d PRODUCTIVIDAD 
700 1 |a Tutor:  |b Boza Castro, Freddy Fernando 
942 |c BK  |2 ddc 
991 |a TESIS 
999 |c 17266